Tutti gli Stati che hanno controllato Genova - Statistics

Statistiche generali
  • Questo quiz è stato fatto 31 volte
    11 dall'ultimo reset
  • Il punteggio medio è 30 su 39
Statistiche sulle risposte
con Immagini Hint Risposta % Corretto
27 a.C. - 395 Impero Romano
100%
395 - 476 Impero Romano d'Occidente
90%
1815 - 1861 Regno di Sardegna
90%
1861 - 1943 Regno d'Italia
90%
1946 - Oggi Repubblica Italiana
90%
(1353 - 1356) Ducato di Milano
80%
(1421 - 1436) Ducato di Milano
80%
(1464 - 1499) Ducato di Milano
80%
538 - 539 Impero Bizantino
80%
553 - 643 Impero Bizantino
80%
800 - 843 Impero Carolingio
80%
1805 - 1814 Primo Impero francese
80%
774 - 800 Regno dei Franchi
80%
1396 - 1406 Regno di Francia
80%
1460 Regno di Francia
80%
1499 - 1505 Regno di Francia
80%
1945 - 1946 Regno d'Italia
80%
643 - 774 Regno Longobardo
80%
843 - 855 Regno Lotaringio della Francia Media
80%
493 - 538 Regno Ostrogoto
80%
539 - 553 Regno Ostrogoto
80%
(1250 - 1353) Repubblica di Genova
80%
(1356 - 1396) Repubblica di Genova
80%
(1406 - 1409) Repubblica di Genova
80%
(1413 - 1421) Repubblica di Genova
80%
(1436 - 1460) Repubblica di Genova
80%
(1460 - 1464) Repubblica di Genova
80%
1505 - 1797 Repubblica di Genova
80%
170 a.C. - 27 a.C. Repubblica Romana
80%
961.- 1648 Sacro Romano Impero
80%
500 a.C. - 170 a.C. Tribù Liguri
80%
(1409 - 1413) Ducato del Monferrato
70%
476 - 493 Regno di Odoacre
70%
1943 - 1945 Repubblica Sociale Italiana
70%
855 - 935 Regno Franco d'Italia
60%
935 - 961 Regno Franco d'Italia
60%
1797 - 1805 Repubblica Ligure
50%
1814 - 1815 Sesta Coalizione (UK, Regno di Sicilia, Regno di Sardegna)
50%
935 Imamato Fatimide
10%
Nessun quiz corrispondente trovato
Distribuzione punteggi
Percentuale di utenti per punteggio
Percentile per numero di risposta
I tuoi punteggi nel tempo
Non hai fatto questo quiz dall'ultimo reset